| 000 | 00672nam a22002172 4500 | ||
|---|---|---|---|
| 001 | 0000024912 | ||
| 005 | 20151217145949.0 | ||
| 008 | 140325s xx 000 0 eng d | ||
| 020 | _a0071289429 : | ||
| 040 |
_aKABU _cKABU |
||
| 100 | 1 |
_aMartin, John C. _@0000185190 |
|
| 245 | 1 | 0 |
_aIntroduction to languages and the theory of computation / _cJohn C. Martin. |
| 250 | _a4th ed. | ||
| 260 |
_aNew York : _bMcGraw-Hill, _c2011. |
||
| 300 | _axii, 436 p. | ||
| 650 | 0 |
_aSequential machine theory. _@0000185191 |
|
| 650 | 0 |
_aComputable functions. _@0000185192 |
|
| 852 | 1 | _9p3950 KES | |
| 908 | _a140325 | ||
| 950 | _@1 | ||
| 999 |
_c4572 _d4572 |
||